00484 2200193 4500001002100000005001500021035002000036007000300056008004100059020001800100082001000118084001600128100001700144245005300161260004100214856001700255990000900272990000900281INLIS00000000000080220220907073722 a0010-0922000083ta220907 g 0 ind  a9789792671667 a398.2 a398.2 ANN b0 aAnna Martina1 abagaiamana cara bakau bertahan hidup di air asin aJakarta :bArmandelta Selaras,c2008 aKoleksi Umum a3652 a3653